Normal view
MARC view
- شرحه وقدم له ناصر الدين،مهدي محمد
Entry Personal Name
001 - CONTROL NUMBER
- control field: 33664
003 - CONTROL NUMBER IDENTIFIER
- control field: JO-AjAnu
005 - DATE AND TIME OF LATEST TRANSACTION
- control field: 20230606075639.0
008 - FIXED-LENGTH DATA ELEMENTS
- fixed length control field: 230606|| aca||aabn | a|a d
040 ## - CATALOGING SOURCE
- Original cataloging agency: JO-AjAnu
- Transcribing agency: JO-AjAnu
100 ## - HEADING--PERSONAL NAME
- Personal name: شرحه وقدم له ناصر الدين،مهدي محمد
670 ## - SOURCE DATA FOUND
- Source citation: Work cat.: (JO-AjAnu)17293: شرحه وقدم له ناصر الدين،مهدي محمد, author, ديوان طرفة بن العبد